000
00323nam a2200133Ia 4500
005
20260326100030.0
008
260326s9999||||xx |||||||||||||| ||und||
100
_a
Marx, Murillo
245
0
_a
Cidade Brasileira /
_c
Murillo Marx
260
_b
Ediciones Melhoramentos
300
_a
151 p.
650
_a
URBANISMO
942
_c
BK
999
_c
6584
_d
6584